Ч. 1: Первичная переработка нефти; Технология переработки нефти

Bibliographische Detailangaben
Parent link:Технология переработки нефти: учебное пособие для вузов/ О. Ф. Глаголева [и др.]; под ред. О. Ф. Глаголевой, В. М. Капустина. Ч. 1: Первичная переработка нефти.— , 2007.— 978-5-9532-0530-6
Zusammenfassung:Рассмотрено состояние топливно-энергетического комплекса России. Дана краткая история развития исследования нефти и процессов ее переработки, описаны физико-химические и коллоидно-дисперсные свойства нефти, нефтяных фракций и остатков. Приведена характеристика основных продуктов переработки. Особое внимание уделено научным основам и методам подготовки нефти к переработке, технологии прямой перегонки нефти на атмосферных и атмосферно-вакуумных установках, а также вторичной перегонке дистиллятов. Рассмотрены аппаратурное оформление технологических процессов, их автоматизация, технико-экономические показатели, надежность работы оборудования и вопросы экологической безопасности процессов и охраны окружающей среды. Для студентов нефтяных вузов и факультетов; может быть полезна специалистам, работающим в области переработки нефти, экономистам и экологам, а также занимающимся нефтяным бизнесом — от добычи нефти до реализации готовой продукции.
Sprache:Russisch
Veröffentlicht: 2007
Schlagworte:
Format: Buch
KOHA link:https://koha.lib.tpu.ru/cgi-bin/koha/opac-detail.pl?biblionumber=122986

MARC

LEADER 00000nam2a2200000 4500
001 122986
005 20231101215759.0
010 |a 9785981090257 
010 |a 978-5-9532-0594-8 
035 |a (RuTPU)RU\TPU\book\133141 
090 |a 122986 
100 |a 20071010d2007 m y0rusy50 ca 
101 0 |a rus 
102 |a RU 
105 |a a j 001zy 
200 0 |a Ч. 1: Первичная переработка нефти 
210 |d 2007 
215 |a 400 с.  |c ил. 
320 |a Библиогр.: с. 396-399. 
330 |a Рассмотрено состояние топливно-энергетического комплекса России. Дана краткая история развития исследования нефти и процессов ее переработки, описаны физико-химические и коллоидно-дисперсные свойства нефти, нефтяных фракций и остатков. Приведена характеристика основных продуктов переработки. Особое внимание уделено научным основам и методам подготовки нефти к переработке, технологии прямой перегонки нефти на атмосферных и атмосферно-вакуумных установках, а также вторичной перегонке дистиллятов. Рассмотрены аппаратурное оформление технологических процессов, их автоматизация, технико-экономические показатели, надежность работы оборудования и вопросы экологической безопасности процессов и охраны окружающей среды. Для студентов нефтяных вузов и факультетов; может быть полезна специалистам, работающим в области переработки нефти, экономистам и экологам, а также занимающимся нефтяным бизнесом — от добычи нефти до реализации готовой продукции. 
451 1 |0 (RuTPU)RU\TPU\book\114689  |y 5-9532-0269-5  |t Ч. 1: Первичная переработка нефти  |d 2006  |p 400 с. 
451 |y 5-98109-024-3 
461 1 |0 (RuTPU)RU\TPU\book\133810  |y 978-5-9532-0530-6  |t Технология переработки нефти  |o учебное пособие для вузов  |o в 2 ч.  |f О. Ф. Глаголева [и др.]  |g под ред. О. Ф. Глаголевой, В. М. Капустина  |v Ч. 1: Первичная переработка нефти  |d 2007  |s Для высшей школы 
606 1 |a Нефтепереработка  |2 stltpush  |3 (RuTPU)RU\TPU\subj\72833  |9 86220 
610 1 |a нефтехимическая промышленность 
610 1 |a нефть 
610 1 |a химическая природа 
610 1 |a состав 
610 1 |a нефтепродукты 
610 1 |a физико-химические свойства 
610 1 |a переработка 
610 1 |a классификация 
610 1 |a оценка 
610 1 |a качество 
610 1 |a характеристика 
610 1 |a нефтяное топливо 
610 1 |a битумы 
610 1 |a нефтяные масла 
610 1 |a подготовка 
610 1 |a первичная переработка 
610 1 |a ректификационные колонны 
610 1 |a теплообменные аппараты 
610 1 |a трубчатые печи 
610 1 |a первичная перегонка 
610 1 |a промышленные установки 
610 1 |a технологические процессы 
610 1 |a управление 
610 1 |a экологическая безопасность 
610 1 |a окружающая среда 
610 1 |a защита 
610 1 |a безотходные технологии 
610 1 |a малоотходные технологии 
610 1 |a учебные пособия 
675 |a 665.63(075.8)  |v 3 
801 1 |a RU  |b 63413507  |c 20071010  |g PSBO 
801 2 |a RU  |b 63413507  |c 20151015  |g PSBO 
900 |a Теоретические основы химической технологии нефти и газа 
900 |a Химическая технология нефти и газа, УИРС 
900 |a Технология промысловой подготовки нефти и газа 
900 |a Технология переработки нефти, природного и попутного газов 
942 |c BK 
952 |b 240403  |b 240400